Štát a právo v otázkach a odpovediach
Enregistré dans:
| Auteur principal: | |
|---|---|
| Autres auteurs: | , |
| Format: | Livre |
| Langue: | slovaque |
| Publié: |
Bratislava
Slov. ped. nakl.
1988
|
| Édition: | 1. vyd. |
| Tags: |
Pas de tags, Soyez le premier à ajouter un tag!
|
MARC
| LEADER | 00000nam a2200000 4500 | ||
|---|---|---|---|
| 001 | c028658 | ||
| 005 | 20221219092415.3 | ||
| 041 | 0 | |a slo | |
| 044 | |a SK | ||
| 245 | 1 | 0 | |a Štát a právo v otázkach a odpovediach |c Jaroslav Chovanec, Ján Cuper, Alexandra Krsková |
| 250 | |a 1. vyd. | ||
| 264 | 1 | |a Bratislava |b Slov. ped. nakl. |c 1988 | |
| 300 | |a 230 s. | ||
| 100 | 1 | |a Chovanec, Jaroslav | |
| 700 | 1 | |a Cuper, Ján | |
| 700 | 1 | |a Krsková, Alexandra | |